00540nam a2200193 a 450000100060000000300080000600500170001400800410003103500190007204000270009104100080011808200220012610000200014824500480016826000360021630000350025250400360028765000230032366656BD-RjUL20211209081550.0170318s1971 nyua b 001 0 eng d a(BD-RjUL)66786 aDLCcDLCdBD-RjULbeng aeng00a158223bDIM 19711 aDichter, Ernest10aMotivating human behavior /cErnest Dichter aNew York :bMcGraw-Hill,c1971. axiii, 253 p. :bill. ;c24 cm. aInclude Bibliography and Index. 0aApplied Psychology